000 00486nam a2200169 4500
005 20251015095241.0
008 251015b |||||||| |||| 00| 0 eng d
020 _a978-81-8128-797-7
040 _aNational Science Library
_cNational Science Library
080 _a575.113
_bP8
100 _aDeonier, Richard C
245 _aComputational genome analysis:
_bAn introduction
260 _aNew York:
_bSpringer,
_c2005
300 _axx, 534p.
650 _aBiology
942 _2udc
_cBK
999 _c67844
_d67844